000 00589nam a22002297a 4500
003 UA-OsUOA
001 47116
007 ta
008 20070711b un ||||| |||| 00| 0 ukr d
100 _aЛармин О.
090 _a7.011
_bЛ25
942 _cBK
040 _aUA-OsUOA
_brus
_cUA-OsUOA
_dUA-OsUOA
245 _aИскусство и молодежь
300 _a191 с.
955 _a4
041 _arus
080 _a7.011
260 _aМ.
_bМолодая гвардия
_c1980
650 7 _a7.0 Загальні питання мистецтва
_2UDC
999 _c333173
_d333173